Philosophy of Information : Volume 8

Guardado en:
Detalles Bibliográficos
Otros Autores: Adriaans, Pieter (Editor), Benthem, Johan van (Editor)
Formato: Libro
Lenguaje:inglés
Publicado: Amsterdam : Elsevier, 2008
Etiquetas: Agregar Etiqueta
Sin Etiquetas, Sea el primero en etiquetar este registro!

MARC

LEADER 00000nam a22000003a 4500
001 stu197467
005 20150617230036.6
008 091221s2008----ne------------------eng-d
020 |a 978-0-444-51726-5 
040 |a STU  |b slo 
041 0 |a eng 
044 |a ne 
100 1 |a Adriaans, Pieter  |4 edt 
245 1 |a Philosophy of Information :  |b Volume 8 
260 |a Amsterdam :  |b Elsevier,  |c 2008 
300 |a 807 s 
700 1 |a Benthem, Johan van  |4 edt 
996 |b 284IK06895  |c I*8M6131  |l I  |s A  |a 24  |w stu197467_0001